00897nam a22001817a 450000500170000000800410001702000180005804000100007608200200008610000350010624501170014126000390025830000200029765001740031794200130049199900170050495201940052120260219130433.0260219b |||||||| |||| 00| 0 eng d a9788193418772 cVITAP 223a294.521 PAD aPadmanabhan, Mukund Ed.917158 aSri Kanaka Durga: The Universal Motherb: Sri Durga Malleswara Swamy Varla Devasthanamc/ Mukund Padmanabhan Ed. aChennaibKasturi & Sons Ltd.c2017 a82p, ill.: 30cm 0aMythological Background, History of the Temple, Temple Architecture, Rituals and Worship, Festivals and Celebrations, Spiritual Significance, Cultural Impact etc.917159 2ddccREF c47308d47308 00102ddc3Paper Back40718REFaVSBbVITAPcREFd2026-01-12eThe Hindu Group of Publicationsg150.00i9001173329l0o294.521 PADp025517r2026-02-19 13:06:27v150.00w2026-01-12yREFzGEN